| 000 | 00846cam2a220024100 4500 | ||
|---|---|---|---|
| 001 | lce00625422 | ||
| 008 | 700608s1965 sw b b 000 0 eng | ||
| 010 | _a 68001433 | ||
| 035 | _a(Sirsi) r101168 | ||
| 035 | _a(DLC) 68001433 | ||
| 035 | _a(UPRA)lce00625422 | ||
| 043 | _af-tz--- | ||
| 050 | 0 |
_aBV3625.T3 _bH4 |
|
| 100 | 1 |
_aHellberg, Carl-J. _6A59272.1 |
|
| 245 | 1 | 0 | _aMissions on a colonial frontier west of Lake Victoria; evangelical missions in north-west Tanganyika to 1932. |
| 260 |
_a[Lund, _bDistributed by] Gleerups _c[1965] |
||
| 440 | 0 |
_aStudia missionalia Upsaliensia ; _v6 _6S8061.1 |
|
| 504 | _aBibliography: p. [236]-249. | ||
| 504 | _aBibliographical footnotes. | ||
| 650 | 0 |
_aMissions -- Tanganyika. _zMissions -- Tanganyika. _6S45675.1 |
|
| 949 |
_aBV3625.T3 _wlcc _i-144120 _mMAIN _tBOOK _lON-SHELF |
||
| 004 | 101168 | ||
| 999 |
_c153942 _d153942 |
||